| 000 | 00784cam a2200277 4500 | ||
|---|---|---|---|
| 001 | sa 68017090 | ||
| 003 | DLC | ||
| 005 | 20260227112700.0 | ||
| 008 | 710423s1967 ii b 00110 eng | ||
| 010 | _asa 68017090 //r89 | ||
| 025 | _aPL480; I-E-10486 | ||
| 040 | _dICU | ||
| 043 | _aa------ | ||
| 050 | 0 |
_aQK569.C496 _bP46 |
|
| 082 | _a589/.47 | ||
| 100 | 1 | 0 |
_aPhilipose, M. T., _d1914- |
| 245 | 1 | 0 |
_aChlorococcales, _cby M. T. Philipose. |
| 260 | 0 |
_aNew Delhi, _bIndian Council of Agricultural Research _c[1967] |
|
| 300 |
_aix, 365 p. _c26 cm. |
||
| 350 | _a40.20 | ||
| 490 | 1 |
_aI.C.A.R. monographs on algae _vno. 8 |
|
| 504 | _aBibliography: p. 324-344. | ||
| 650 | 0 | _aChlorococcales. | |
| 650 | 0 |
_aAlgae _zSouth Asia. |
|
| 830 | 0 |
_aI.C.A.R. monographs on algae ; _v8. |
|
| 999 |
_c87516 _d87516 |
||